The Master's way of personal evangelism / (Record no. 2584)

MARC details
000 -LEADER
fixed length control field 00921cam a2200265 a 4500
001 - CONTROL NUMBER
control field 2581244
003 - CONTROL NUMBER IDENTIFIER
control field GBCCL
005 - DATE AND TIME OF LATEST TRANSACTION
control field 20241126110432.0
008 - FIXED-LENGTH DATA ELEMENTS--GENERAL INFORMATION
fixed length control field 960905s1997 ilu b 000 0deng
010 ## -
-- 96041251
020 ## - INTERNATIONAL STANDARD BOOK NUMBER
International Standard Book Number 0891079122 (alk. paper)
040 ## - CATALOGING SOURCE
Original cataloging agency DLC
Transcribing agency DLC
Modifying agency DLC
050 00 -
-- BT590.E8
-- C64 1997
082 00 - DEWEY DECIMAL CLASSIFICATION NUMBER
Classification number 269.2
Edition information 20
Item number COL
100 1# - MAIN ENTRY--PERSONAL NAME
Personal name Coleman, Robert E.,
Dates associated with a name 1928-
9 (RLIN) 5423
245 14 - TITLE STATEMENT
Title The Master's way of personal evangelism /
Statement of responsibility, etc. Robert E. Coleman.
260 ## - PUBLICATION, DISTRIBUTION, ETC.
Place of publication, distribution, etc. Wheaton, Ill. :
Name of publisher, distributor, etc. Crossway Books,
Date of publication, distribution, etc. c1997.
300 ## - PHYSICAL DESCRIPTION
Extent 174 p. ;
Dimensions 22 cm.
504 ## - BIBLIOGRAPHY, ETC. NOTE
Bibliography, etc. note Includes bibliographical references (p. [163]-174).
600 00 - SUBJECT ADDED ENTRY--PERSONAL NAME
Personal name Jesus Christ
General subdivision Evangelistic methods.
9 (RLIN) 5424
650 #0 - SUBJECT ADDED ENTRY--TOPICAL TERM
Topical term or geographic name entry element Evangelistic work.
9 (RLIN) 290
906 ## - LOCAL DATA ELEMENT F, LDF (RLIN)
a 7
b cbc
c orignew
d 1
e ocip
f 19
g y-gencatlg
942 ## - ADDED ENTRY ELEMENTS (KOHA)
Source of classification or shelving scheme Dewey Decimal Classification
Koha item type Books
Koha issues (borrowed), all copies 13
Holdings
Withdrawn status Lost status Source of classification or shelving scheme Damaged status Not for loan Home library Current Library Shelving location Date acquired Total checkouts Full call number Barcode Date last seen Date last checked out Copy number Price effective from Koha item type
    Dewey Decimal Classification     GRACE BIBLE COLLEGE GRACE BIBLE COLLEGE Ministry & Mission 2017-09-04 13 269.2 COL 005204 2025-05-01 2024-02-23 c.1 2017-09-04 Books
© Grace Bible College Library 2025